<?xml version="1.0" encoding="UTF-8"?>
<record
    xmlns:xsi="http://www.w3.org/2001/XMLSchema-instance"
    xsi:schemaLocation="http://www.loc.gov/MARC21/slim http://www.loc.gov/standards/marcxml/schema/MARC21slim.xsd"
    xmlns="http://www.loc.gov/MARC21/slim">

  <leader>01671nam a2200217Ia 4500</leader>
  <controlfield tag="001">b4758-31205 </controlfield>
  <controlfield tag="003">IT-MiCISF</controlfield>
  <controlfield tag="008">161014s9999||||xx |||||||||||||| ||und||</controlfield>
  <datafield tag="040" ind1=" " ind2=" ">
    <subfield code="a">IT-MiCISF</subfield>
    <subfield code="c">IT-MiCISF</subfield>
  </datafield>
  <datafield tag="041" ind1=" " ind2=" ">
    <subfield code="a">it</subfield>
  </datafield>
  <datafield tag="100" ind1=" " ind2=" ">
    <subfield code="a">Malizia Guglielmo (a cura di)</subfield>
  </datafield>
  <datafield tag="245" ind1=" " ind2="0">
    <subfield code="a">Giovani, orientamento, educazione</subfield>
  </datafield>
  <datafield tag="250" ind1=" " ind2=" ">
    <subfield code="a">1a ed.</subfield>
  </datafield>
  <datafield tag="260" ind1=" " ind2=" ">
    <subfield code="a"> Roma</subfield>
    <subfield code="b">LAS</subfield>
    <subfield code="c">1999</subfield>
  </datafield>
  <datafield tag="300" ind1=" " ind2=" ">
    <subfield code="a">pp. 195</subfield>
  </datafield>
  <datafield tag="500" ind1=" " ind2=" ">
    <subfield code="a">Atti del Convegno di aggiornamento pedagogico organizzato dalla Facolt&#xE0; di Scienze dell'Educazione dell'Universit&#xE0; Pontificia Salesiana (Roma, 3-5 gennaio 1999). Macario L., Astorgano Ruiz A., Polacek K., Valente L., Fisichella R., Giudici M.P., Zamagni S., Charrier F. / giovani, educazione, formazione, pedagogia, progetto / In questo testo sono raccolti gli atti di un convegno sull'aggiornamento pedagogico organizzato dalla Facolt&#xE0; di Scienze dell'Educazione dell'Universit&#xE0; Pontificia Salesiana. Linea guida &#xE8; il tema dell'"orientamento". Tradizionalmente e ancora oggi l'orientamento &#xE8; correlato con la scuola e la formazione professionale; di fronte alla diversificazione tra mondo della formazione e mondo del lavoro, negli ultimi anni si &#xE8; cercato di trovare un raccordo tra le due realt&#xE0; proprio nell'orientamento. Su questo aspetto il convegno ha posto i suoi presupposti, giungendo a formulare conclusioni che investono la sfera pedagogica, politica, sociale, e soprattutto ha cercato di creare presupposti adeguati per "indirizzare" in maniera corretta e verso mete sicure le nuove generazioni.</subfield>
  </datafield>
  <datafield tag="650" ind1=" " ind2=" ">
    <subfield code="a"> Adolescenti e giovani / educazione</subfield>
    <subfield code="e">009</subfield>
  </datafield>
  <datafield tag="700" ind1=" " ind2=" ">
    <subfield code="a">Nanni Carlo (a cura di)</subfield>
  </datafield>
  <datafield tag="942" ind1=" " ind2=" ">
    <subfield code="c">BK</subfield>
  </datafield>
  <datafield tag="957" ind1=" " ind2=" ">
    <subfield code="7">1</subfield>
  </datafield>
  <datafield tag="999" ind1=" " ind2=" ">
    <subfield code="a">31205</subfield>
    <subfield code="b">si</subfield>
    <subfield code="g">1</subfield>
    <subfield code="c">212467</subfield>
    <subfield code="d">212467</subfield>
  </datafield>
  <datafield tag="952" ind1=" " ind2=" ">
    <subfield code="0">0</subfield>
    <subfield code="1">0</subfield>
    <subfield code="4">0</subfield>
    <subfield code="6">B_475831205</subfield>
    <subfield code="7">1</subfield>
    <subfield code="a">CISF</subfield>
    <subfield code="b">CISF</subfield>
    <subfield code="d">2016-10-14</subfield>
    <subfield code="l">0</subfield>
    <subfield code="o">b4758-31205 </subfield>
    <subfield code="r">2016-10-14 00:00:00</subfield>
    <subfield code="w">2016-10-14</subfield>
    <subfield code="y">BK</subfield>
    <subfield code="z">Data import 15.10.2016 / by Epidotti, Vaglietti</subfield>
  </datafield>
</record>
